Groupes de choses - pays et nations - Statistiques

Statistiques générales
  • Ce quiz a été pris 277 fois
    243 depuis la dernière actualisation
  • Le résultat moyen est 26 sur 55
Statistiques - réponses
Type de quiz Question Réponse % Correct
7 Pays ayant accueilli 2 fois ou plus les JO d'été (en 2025) France
98%
9 Pays qui possèdent la bombe nucléaire France
98%
7 Pays ayant accueilli 2 fois ou plus les JO d'été (en 2025) Etats Unis
91%
9 Pays qui possèdent la bombe nucléaire Etats Unis
91%
7 Pays ayant accueilli 2 fois ou plus les JO d'été (en 2025) Royaume Uni
91%
9 Pays qui possèdent la bombe nucléaire Royaume Uni
91%
6 Pays celtiques Irlande
86%
8 Etat membre de la communauté des Etats indépendant (2025) Russie
84%
9 Pays qui possèdent la bombe nucléaire Russie
84%
4 Vainqueur coupe du monde rugby Nouvelle Zelande
82%
4 Vainqueur coupe du monde rugby Angleterre
81%
4 Vainqueur coupe du monde rugby Australie
81%
7 Pays ayant accueilli 2 fois ou plus les JO d'été (en 2025) Australie
81%
4 Vainqueur coupe du monde rugby Afrique du sud
80%
9 Pays qui possèdent la bombe nucléaire Chine
77%
3 Pays baltes Estonie
73%
3 Pays baltes Lettonie
73%
3 Pays baltes Lituanie
73%
6 Pays celtiques Ecosse
72%
7 Pays ayant accueilli 2 fois ou plus les JO d'été (en 2025) Japon
71%
6 Pays celtiques Pays de galles
67%
7 Pays ayant accueilli 2 fois ou plus les JO d'été (en 2025) Allemagne
63%
9 Pays qui possèdent la bombe nucléaire Inde
59%
7 Pays ayant accueilli 2 fois ou plus les JO d'été (en 2025) Grèce
53%
10 10 principaux paradis fiscaux selon The Corporate Tax Haven Index en 2021 Suisse
51%
9 Pays qui possèdent la bombe nucléaire Corée du Nord
49%
5 Les pays supplémentaires au BRICS+ Iran
49%
9 Pays qui possèdent la bombe nucléaire Israël
43%
9 Pays qui possèdent la bombe nucléaire Pakistan
43%
6 Pays celtiques Bretagne
34%
10 10 principaux paradis fiscaux selon The Corporate Tax Haven Index en 2021 Luxembourg
34%
10 10 principaux paradis fiscaux selon The Corporate Tax Haven Index en 2021 Pays Bas
34%
5 Les pays supplémentaires au BRICS+ Indonésie
32%
5 Les pays supplémentaires au BRICS+ Egypte
31%
5 Les pays supplémentaires au BRICS+ Emirats arabes unis
29%
10 10 principaux paradis fiscaux selon The Corporate Tax Haven Index en 2021 Emirats Arabes Unis
29%
8 Etat membre de la communauté des Etats indépendant (2025) Kazakhstan
25%
8 Etat membre de la communauté des Etats indépendant (2025) Biélorussie
23%
8 Etat membre de la communauté des Etats indépendant (2025) Ouzbekistan
22%
8 Etat membre de la communauté des Etats indépendant (2025) Arménie
21%
8 Etat membre de la communauté des Etats indépendant (2025) Azerbaidjan
21%
8 Etat membre de la communauté des Etats indépendant (2025) Tadjikistan
21%
8 Etat membre de la communauté des Etats indépendant (2025) Kirghizistan
20%
2 Pays avec du violet dans le drapeau Dominique
17%
5 Les pays supplémentaires au BRICS+ Ethiopie
16%
10 10 principaux paradis fiscaux selon The Corporate Tax Haven Index en 2021 Singapour
14%
6 Pays celtiques île de Man
13%
1 Pays se situant sur les 4 hémisphères Kiribati
12%
6 Pays celtiques Cornouailles
10%
10 10 principaux paradis fiscaux selon The Corporate Tax Haven Index en 2021 Jersey
8%
10 10 principaux paradis fiscaux selon The Corporate Tax Haven Index en 2021 îles Caïmans
5%
2 Pays avec du violet dans le drapeau Nicaragua
5%
10 10 principaux paradis fiscaux selon The Corporate Tax Haven Index en 2021 Bermudes
3%
10 10 principaux paradis fiscaux selon The Corporate Tax Haven Index en 2021 Hong Kong
2%
10 10 principaux paradis fiscaux selon The Corporate Tax Haven Index en 2021 îles vierges britanniques
2%
Aucun quiz correspondant
Distribution des résultats
% des personnes avec chaque résultat
Percentile par nombre de réponses
Votre historique - résultats
Vous n’avez pas pris ce quiz depuis la dernière actualisation